000 00403nam a2200169Ia 4500
008 170705s9999 xx 000 0 und d
020 _a9780439451659
245 _aIt's spring! /
245 _cSamantha Berger and Pamela Chanko.
260 _aNew York :
260 _bScholastic,
260 _c2000
300 _aunpaged :
300 _bcolor illustration ;
300 _c23cm.
500 _a310
999 _c335544
_d335544